000 00550nam a2200181Ia 4500
008 240729s9999 xx 000 0 und d
022 _a2548-3161
245 0 _aIJAIN (International Journal of Advances in Intelligent Informatics)
260 _aIndonesia
260 _bUniversitas Ahmad Dahlan
650 _a Electronic computers. Computer science
650 _a Instruments and machines
650 _a Mathematics
650 _aScience
856 _uhttps://doaj.org/toc/47621421e35c4ab18bd02b8e1c2c9242
942 _2ddc
942 _cDOAJEJ
999 _c66861
_d66861
945 _a1
_bMadushi Gamage
_c1
_dMadushi Gamage